[Event "DEM U10w 2025"]
[Site "Willingen GER"]
[Date "2025.06.12"]
[Round "7"]
[White "Sniegowski, Amalia"]
[Black "Gubler, Miriam"]
[Result "0-1"]
[Termination "normal"]
[Board "5"]
[WhiteElo "1411"]
[BlackElo "1188"]
[WhiteClock "00:27:59"]
[BlackClock "01:02:10"]
[PlyCount "166"]
[WhiteFideId "34675620"]
[BlackFideId "533043809"]
[EventCountry "GER"]
[EventRounds "9"]
[EventType "swiss"]
[EventDate "2025.06.07"]

1. e4 {[%clk 01:30:58]} e5 {[%clk 01:30:51]} {[%emt 00:00:09]} 2. Nf3 {[%clk
01:31:18]} {[%emt 00:00:10]} Nf6 {[%clk 01:31:16]} {[%emt 00:00:06]} 3. Nxe5
{[%clk 01:31:28]} {[%emt 00:00:19]} d6 {[%clk 01:31:39]} {[%emt 00:00:07]} 4.
Nf3 {[%clk 01:31:41]} {[%emt 00:00:15]} Nxe4 {[%clk 01:31:59]} {[%emt
00:00:12]} 5. d4 {[%clk 01:30:45]} {[%emt 00:01:27]} d5 {[%clk 01:32:11]}
{[%emt 00:00:17]} 6. Bd3 {[%clk 01:30:46]} {[%emt 00:00:28]} Bd6 {[%clk
01:32:17]} {[%emt 00:00:25]} 7. c4 {[%clk 01:30:02]} {[%emt 00:01:14]} c6
{[%clk 01:31:10]} {[%emt 00:01:37]} 8. O-O {[%clk 01:26:46]} {[%emt 00:03:47]}
O-O {[%clk 01:31:28]} {[%emt 00:00:11]} 9. Re1 {[%clk 01:24:50]} {[%emt
00:02:26]} Re8 {[%clk 01:30:50]} {[%emt 00:01:08]} 10. Qc2 {[%clk 01:14:34]}
{[%emt 00:10:46]} Bf5 {[%clk 01:28:43]} {[%emt 00:02:37]} 11. Nc3 {[%clk
01:08:55]} {[%emt 00:06:10]} Bb4 {[%clk 01:14:58]} {[%emt 00:14:14]} 12. Ng5
{[%clk 00:34:35]} {[%emt 00:34:49]} Nxg5 {[%clk 01:09:06]} {[%emt 00:06:22]}
13. Rxe8+ {[%clk 00:32:07]} {[%emt 00:03:00]} Qxe8 {[%clk 01:09:00]} {[%emt
00:00:35]} 14. Bxg5 {[%clk 00:32:10]} {[%emt 00:00:27]} Bxd3 {[%clk 01:08:45]}
{[%emt 00:00:45]} 15. Qxd3 {[%clk 00:32:18]} {[%emt 00:00:22]} h6 {[%clk
01:07:37]} {[%emt 00:01:38]} 16. Bd2 {[%clk 00:31:02]} {[%emt 00:01:46]} Bxc3
{[%clk 01:00:39]} {[%emt 00:07:28]} 17. Bxc3 {[%clk 00:30:07]} {[%emt
00:01:25]} Nd7 {[%clk 00:59:14]} {[%emt 00:01:54]} 18. Re1 {[%clk 00:25:56]}
{[%emt 00:04:41]} Qd8 {[%clk 00:57:27]} {[%emt 00:02:17]} 19. cxd5 {[%clk
00:24:45]} {[%emt 00:01:42]} cxd5 {[%clk 00:57:37]} {[%emt 00:00:20]} 20. Qb5
{[%clk 00:24:27]} {[%emt 00:00:46]} Nb6 {[%clk 00:53:58]} {[%emt 00:04:12]} 21.
Ba5 {[%clk 00:22:23]} {[%emt 00:02:30]} Rc8 {[%clk 00:47:08]} {[%emt 00:07:24]}
22. Qd3 {[%clk 00:20:55]} {[%emt 00:01:52]} Qd6 {[%clk 00:45:17]} {[%emt
00:02:26]} 23. Bc3 {[%clk 00:18:39]} {[%emt 00:02:46]} Qd7 {[%clk 00:41:43]}
{[%emt 00:04:04]} 24. Qg3 {[%clk 00:15:28]} {[%emt 00:03:40]} Nc4 {[%clk
00:40:02]} {[%emt 00:02:12]} 25. b3 {[%clk 00:13:07]} {[%emt 00:02:51]} Nd6
{[%clk 00:40:04]} {[%emt 00:00:28]} 26. Bb2 {[%clk 00:07:15]} {[%emt 00:06:21]}
Ne4 {[%clk 00:38:43]} {[%emt 00:01:52]} 27. Qf4 {[%clk 00:06:04]} {[%emt
00:01:41]} Rc2 {[%clk 00:36:16]} {[%emt 00:02:57]} 28. Bc1 {[%clk 00:05:05]}
{[%emt 00:01:29]} Rxa2 {[%clk 00:36:01]} {[%emt 00:00:45]} 29. f3 {[%clk
00:04:21]} {[%emt 00:01:15]} Nf6 {[%clk 00:33:26]} {[%emt 00:03:04]} 30. Qg3
{[%clk 00:02:55]} {[%emt 00:01:56]} Nh5 {[%clk 00:33:00]} {[%emt 00:00:56]} 31.
Qh4 {[%clk 00:02:44]} {[%emt 00:00:41]} Qf5 {[%clk 00:28:40]} {[%emt 00:04:50]}
32. Qh3 {[%clk 00:01:12]} {[%emt 00:02:03]} Qxh3 {[%clk 00:28:58]} {[%emt
00:00:12]} 33. gxh3 {[%clk 00:01:36]} {[%emt 00:00:05]} Nf6 {[%clk 00:28:52]}
{[%emt 00:00:35]} 34. Re7 {[%clk 00:01:36]} {[%emt 00:00:31]} Rc2 {[%clk
00:28:40]} {[%emt 00:00:41]} 35. Ba3 {[%clk 00:01:39]} {[%emt 00:00:27]} Rc3
{[%clk 00:28:31]} {[%emt 00:00:38]} 36. Rxb7 {[%clk 00:01:56]} {[%emt
00:00:15]} Rxf3 {[%clk 00:28:52]} {[%emt 00:00:09]} 37. Kg2 {[%clk 00:02:14]}
{[%emt 00:00:13]} Rd3 {[%clk 00:28:50]} {[%emt 00:00:31]} 38. Rxa7 {[%clk
00:02:10]} {[%emt 00:00:34]} Rxb3 {[%clk 00:29:13]} {[%emt 00:00:08]} 39. Bc1
{[%clk 00:01:42]} {[%emt 00:00:57]} Rd3 {[%clk 00:29:01]} {[%emt 00:00:41]} 40.
Ra8+ {[%clk 00:01:48]} {[%emt 00:00:25]} Kh7 {[%clk 00:29:21]} {[%emt
00:00:09]} 41. Ra4 {[%clk 00:01:41]} {[%emt 00:00:37]} Kg6 {[%clk 00:29:02]}
{[%emt 00:00:50]} 42. Ba3 {[%clk 00:00:38]} {[%emt 00:01:33]} Nh5 {[%clk
00:27:13]} {[%emt 00:02:18]} 43. h4 {[%clk 00:29:54]} {[%emt 00:01:14]} Nf4+
{[%clk 00:56:49]} {[%emt 00:00:55]} 44. Kf2 {[%clk 00:29:45]} {[%emt 00:00:34]}
Ne6 {[%clk 00:57:00]} {[%emt 00:00:23]} 45. Bc5 {[%clk 00:28:18]} {[%emt
00:01:58]} Rh3 {[%clk 00:56:41]} {[%emt 00:00:49]} 46. Be7 {[%clk 00:27:38]}
{[%emt 00:01:10]} Rxh2+ {[%clk 00:56:54]} {[%emt 00:00:16]} 47. Ke3 {[%clk
00:27:36]} {[%emt 00:00:26]} Rh3+ {[%clk 00:56:54]} {[%emt 00:00:36]} 48. Ke2
{[%clk 00:27:46]} {[%emt 00:00:19]} f6 {[%clk 00:55:56]} {[%emt 00:01:29]} 49.
Ra6 {[%clk 00:26:03]} {[%emt 00:02:14]} Nxd4+ {[%clk 00:56:07]} {[%emt
00:00:19]} 50. Kf2 {[%clk 00:26:02]} {[%emt 00:00:30]} Rxh4 {[%emt 00:01:20]}
51. Ra3 {[%clk 00:24:36]} {[%emt 00:01:03]} Nf5 {[%clk 00:55:42]} {[%emt
00:00:59]} 52. Bc5 {[%clk 00:24:00]} {[%emt 00:01:05]} Rc4 {[%clk 00:55:26]}
{[%emt 00:00:47]} 53. Ra5 {[%clk 00:23:55]} {[%emt 00:00:34]} d4 {[%clk
00:55:10]} {[%emt 00:00:46]} 54. Ke2 {[%clk 00:23:40]} {[%emt 00:00:45]} Rc3
{[%clk 00:53:08]} {[%emt 00:02:18]} 55. Kd2 {[%clk 00:23:21]} {[%emt 00:01:04]}
Rg3 {[%clk 00:52:47]} {[%emt 00:00:51]} 56. Ra4 {[%clk 00:21:10]} {[%emt
00:02:39]} Rg4 {[%clk 00:53:03]} {[%emt 00:00:15]} 57. Kd3 {[%clk 00:21:22]}
{[%emt 00:00:18]} h5 {[%clk 00:53:16]} {[%emt 00:00:18]} 58. Bxd4 {[%clk
00:19:37]} {[%emt 00:02:15]} Rxd4+ {[%clk 00:53:36]} {[%emt 00:00:10]} 59. Rxd4
{[%clk 00:19:49]} {[%emt 00:00:16]} Nxd4 {[%clk 00:53:58]} {[%emt 00:00:09]}
60. Kxd4 {[%clk 00:20:13]} {[%emt 00:00:06]} Kg5 {[%clk 00:54:22]} {[%emt
00:00:07]} 61. Ke3 {[%clk 00:20:25]} {[%emt 00:00:18]} Kg4 {[%clk 00:54:31]}
{[%emt 00:00:20]} 62. Kf2 {[%clk 00:20:43]} {[%emt 00:00:13]} f5 {[%clk
00:54:46]} {[%emt 00:00:15]} 63. Kg2 {[%clk 00:21:01]} {[%emt 00:00:12]} f4
{[%clk 00:55:05]} {[%emt 00:00:11]} 64. Kf2 {[%clk 00:21:23]} {[%emt 00:00:08]}
f3 {[%clk 00:55:26]} {[%emt 00:00:09]} 65. Kg1 {[%clk 00:21:44]} {[%emt
00:00:10]} Kg3 {[%clk 00:55:47]} {[%emt 00:00:07]} 66. Kf1 {[%clk 00:22:00]}
{[%emt 00:00:14]} f2 {[%clk 00:56:07]} {[%emt 00:00:10]} 67. Ke2 {[%clk
00:22:25]} {[%emt 00:00:06]} Kg2 {[%clk 00:56:32]} {[%emt 00:00:05]} 68. Ke3
{[%clk 00:22:46]} {[%emt 00:00:09]} f1=Q {[%clk 00:56:51]} {[%emt 00:00:10]}
69. Ke4 {[%clk 00:23:09]} {[%emt 00:00:08]} Qf2 {[%clk 00:57:12]} {[%emt
00:00:09]} 70. Ke5 {[%clk 00:23:25]} {[%emt 00:00:14]} Qf3 {[%clk 00:57:35]}
{[%emt 00:00:07]} 71. Ke6 {[%clk 00:23:45]} {[%emt 00:00:10]} Qf4 {[%clk
00:57:59]} {[%emt 00:00:05]} 72. Ke7 {[%clk 00:24:03]} {[%emt 00:00:13]} Qf5
{[%clk 00:58:22]} {[%emt 00:00:07]} 73. Ke8 {[%clk 00:24:27]} {[%emt 00:00:07]}
Qf6 {[%clk 00:58:27]} {[%emt 00:00:24]} 74. Kd7 {[%clk 00:24:49]} {[%emt
00:00:08]} Qe5 {[%clk 00:58:46]} {[%emt 00:00:10]} 75. Kd8 {[%clk 00:25:08]}
{[%emt 00:00:12]} Qe6 {[%clk 00:59:06]} {[%emt 00:00:09]} 76. Kc7 {[%clk
00:25:25]} {[%emt 00:00:13]} Qd5 {[%clk 00:59:31]} {[%emt 00:00:04]} 77. Kc8
{[%clk 00:25:40]} {[%emt 00:00:17]} Qf7 {[%clk 00:59:53]} {[%emt 00:00:07]} 78.
Kd8 {[%clk 00:26:01]} {[%emt 00:00:09]} Kf3 {[%clk 01:00:16]} {[%emt 00:00:08]}
79. Kc8 {[%clk 00:26:25]} {[%emt 00:00:06]} Ke4 {[%clk 01:00:39]} {[%emt
00:00:07]} 80. Kb8 {[%clk 00:26:44]} {[%emt 00:00:11]} Qd7 {[%clk 01:00:58]}
{[%emt 00:00:06]} 81. Ka8 {[%clk 00:27:07]} {[%emt 00:00:12]} Kd5 {[%clk
01:01:23]} {[%emt 00:00:05]} 82. Kb8 {[%clk 00:27:35]} {[%emt 00:00:02]} Kc6
{[%clk 01:01:45]} {[%emt 00:00:06]} 83. Ka8 {[%clk 00:27:59]} {[%emt 00:00:08]}
Qb7# {[%clk 01:02:10]} {[%emt 00:00:04]} 0-1

[Event "DEM U10w 2025"]
[Site "Willingen GER"]
[Date "2025.06.12"]
[Round "7"]
[White "Sigacheva, Varvara"]
[Black "Hirtzel, Hanna Meiki"]
[Result "1-0"]
[Termination "normal"]
[Board "6"]
[WhiteElo "1453"]
[BlackElo "984"]
[WhiteClock "00:13:45"]
[BlackClock "01:12:22"]
[PlyCount "145"]
[WhiteFideId "522079416"]
[BlackFideId "533040648"]
[EventCountry "GER"]
[EventRounds "9"]
[EventType "swiss"]
[EventDate "2025.06.07"]

1. d4 {[%clk 01:30:58]} {[%emt 00:00:02]} d5 {[%clk 01:30:55]} {[%emt
00:00:05]} 2. Bf4 {[%clk 01:31:10]} {[%emt 00:00:18]} c6 {[%clk 01:31:16]}
{[%emt 00:00:10]} 3. e3 {[%clk 01:30:11]} {[%emt 00:01:29]} e6 {[%clk
01:31:30]} {[%emt 00:00:17]} 4. c3 {[%clk 01:28:55]} {[%emt 00:01:46]} f5
{[%clk 01:31:35]} {[%emt 00:00:25]} 5. Nd2 {[%clk 01:22:37]} {[%emt 00:06:47]}
Nf6 {[%clk 01:31:13]} {[%emt 00:00:51]} 6. Be2 {[%clk 01:18:08]} {[%emt
00:05:01]} Qd7 {[%clk 01:24:36]} {[%emt 00:06:56]} 7. Ngf3 {[%clk 01:09:25]}
{[%emt 00:09:24]} Bd6 {[%clk 01:23:38]} {[%emt 00:01:23]} 8. Bxd6 {[%clk
01:06:17]} {[%emt 00:03:42]} Qxd6 {[%clk 01:23:57]} {[%emt 00:00:10]} 9. Qb3
{[%clk 00:56:27]} {[%emt 00:10:21]} O-O {[%clk 01:22:08]} {[%emt 00:02:18]} 10.
Ne5 {[%clk 00:45:07]} {[%emt 00:11:50]} Kh8 {[%clk 01:16:02]} {[%emt 00:06:34]}
11. Ndf3 {[%clk 00:39:51]} {[%emt 00:05:49]} Nbd7 {[%clk 01:11:26]} {[%emt
00:05:05]} 12. h3 {[%emt 00:08:19]} Ne4 {[%clk 01:07:32]} {[%emt 00:00:05]} 13.
Rf1 {[%clk 00:32:20]} {[%emt 00:04:31]} a6 {[%clk 01:04:27]} {[%emt 00:03:35]}
14. Nxd7 {[%clk 00:30:24]} {[%emt 00:02:26]} Bxd7 {[%clk 01:04:08]} {[%emt
00:00:49]} 15. g3 {[%clk 00:24:29]} {[%emt 00:06:25]} b5 {[%clk 01:00:32]}
{[%emt 00:04:06]} 16. h4 {[%clk 00:21:36]} {[%emt 00:03:23]} Rf6 {[%clk
00:55:29]} {[%emt 00:05:19]} 17. Ne5 {[%clk 00:20:31]} {[%emt 00:01:49]} Qc7
{[%clk 00:51:47]} {[%emt 00:03:45]} 18. a3 {[%clk 00:17:55]} {[%emt 00:03:34]}
a5 {[%clk 00:49:32]} {[%emt 00:02:45]} 19. Qc2 {[%clk 00:16:01]} {[%emt
00:02:21]} Be8 {[%clk 00:46:20]} {[%emt 00:03:21]} 20. Qc1 {[%clk 00:12:20]}
{[%emt 00:04:29]} Rh6 {[%clk 00:45:03]} {[%emt 00:01:45]} 21. Bd3 {[%clk
00:09:33]} {[%emt 00:03:24]} c5 {[%clk 00:43:38]} {[%emt 00:01:56]} 22. Be2
{[%clk 00:08:00]} {[%emt 00:02:03]} c4 {[%clk 00:43:08]} {[%emt 00:00:51]} 23.
Bf3 {[%clk 00:04:36]} {[%emt 00:04:03]} Bh5 {[%clk 00:42:43]} {[%emt 00:00:46]}
24. Bxh5 {[%clk 00:04:46]} {[%emt 00:00:28]} Rxh5 {[%clk 00:43:05]} {[%emt
00:00:08]} 25. Qd1 {[%clk 00:03:36]} {[%emt 00:01:41]} Rh6 {[%clk 00:42:58]}
{[%emt 00:00:35]} 26. Qc1 {[%clk 00:02:35]} {[%emt 00:01:33]} Kg8 {[%clk
00:42:27]} {[%emt 00:01:01]} 27. Rg1 {[%clk 00:01:05]} {[%emt 00:02:01]} Qe7
{[%clk 00:41:50]} {[%emt 00:00:50]} 28. Rh1 {[%clk 00:01:02]} {[%emt 00:00:48]}
g5 {[%clk 00:41:37]} {[%emt 00:00:37]} 29. Nf3 {[%clk 00:00:46]} {[%emt
00:00:52]} Rf8 {[%clk 00:40:50]} {[%emt 00:01:07]} 30. Rg1 {[%clk 00:00:38]}
{[%emt 00:00:48]} Kh8 {[%clk 00:40:58]} {[%emt 00:00:22]} 31. hxg5 {[%clk
00:00:58]} {[%emt 00:00:11]} Nxg5 {[%clk 00:41:15]} {[%emt 00:00:12]} 32. Nxg5
{[%clk 00:01:24]} {[%emt 00:00:04]} Qxg5 {[%clk 00:41:36]} {[%emt 00:00:10]}
33. Qd1 {[%clk 00:00:58]} {[%emt 00:00:56]} Rh2 {[%clk 00:40:52]} {[%emt
00:01:06]} 34. Rf1 {[%clk 00:00:55]} {[%emt 00:00:40]} Qh5 {[%clk 00:40:29]}
{[%emt 00:00:45]} 35. Qxh5 {[%clk 00:01:22]} {[%emt 00:00:12]} Rxh5 {[%clk
00:40:51]} {[%emt 00:00:07]} 36. Kd2 {[%clk 00:01:40]} {[%emt 00:00:13]} Kg7
{[%clk 00:41:15]} {[%emt 00:00:05]} 37. Rh1 {[%clk 00:01:46]} {[%emt 00:00:24]}
Rh6 {[%clk 00:41:26]} {[%emt 00:00:18]} 38. Rxh6 {[%clk 00:01:42]} {[%emt
00:00:35]} Kxh6 {[%clk 00:41:51]} {[%emt 00:00:06]} 39. Rh1+ {[%clk 00:02:07]}
{[%emt 00:00:04]} Kg6 {[%clk 00:42:12]} {[%emt 00:00:08]} 40. Kc2 {[%clk
00:01:04]} {[%emt 00:01:35]} h5 {[%clk 00:42:32]} {[%emt 00:00:09]} 41. Rh4
{[%clk 00:00:46]} {[%emt 00:00:49]} Kg5 {[%clk 00:42:40]} {[%emt 00:00:21]} 42.
Kd2 {[%clk 00:00:33]} {[%emt 00:00:44]} Re8 {[%clk 00:42:56]} {[%emt 00:00:13]}
43. Ke2 {[%clk 00:24:58]} {[%emt 00:06:06]} Rb8 {[%clk 01:12:16]} {[%emt
00:01:04]} 44. Kd2 {[%clk 00:23:55]} {[%emt 00:01:38]} b4 {[%clk 01:12:06]}
{[%emt 00:00:40]} 45. axb4 {[%clk 00:22:44]} {[%emt 00:01:41]} axb4 {[%clk
01:12:30]} {[%emt 00:00:07]} 46. cxb4 {[%clk 00:22:52]} {[%emt 00:00:22]} Rxb4
{[%clk 01:12:51]} {[%emt 00:00:09]} 47. Kc2 {[%clk 00:19:23]} {[%emt 00:03:59]}
Rb3 {[%clk 01:11:58]} {[%emt 00:01:09]} 48. Rf4 {[%clk 00:15:32]} {[%emt
00:04:35]} Rd3 {[%clk 01:10:09]} {[%emt 00:02:16]} 49. Kc1 {[%clk 00:14:47]}
{[%emt 00:01:17]} Rb3 {[%clk 01:07:58]} {[%emt 00:02:38]} 50. Rh4 {[%clk
00:14:08]} {[%emt 00:01:12]} Rb7 {[%clk 01:07:17]} {[%emt 00:01:03]} 51. Kc2
{[%clk 00:13:53]} {[%emt 00:00:54]} Re7 {[%clk 01:06:42]} {[%emt 00:01:01]} 52.
b3 {[%clk 00:10:00]} {[%emt 00:04:27]} cxb3+ {[%clk 01:06:54]} {[%emt
00:00:17]} 53. Kxb3 {[%clk 00:10:26]} {[%emt 00:00:05]} e5 {[%clk 01:06:55]}
{[%emt 00:00:28]} 54. dxe5 {[%clk 00:10:34]} {[%emt 00:00:22]} Rxe5 {[%clk
01:07:15]} {[%emt 00:00:10]} 55. f4+ {[%clk 00:09:22]} {[%emt 00:01:42]} Kf6
{[%clk 01:07:01]} {[%emt 00:00:43]} 56. fxe5+ {[%clk 00:09:49]} {[%emt
00:00:05]} Kxe5 {[%clk 01:07:21]} {[%emt 00:00:10]} 57. Rxh5 {[%clk 00:09:48]}
{[%emt 00:00:30]} Ke4 {[%clk 01:07:40]} {[%emt 00:00:11]} 58. Kc3 {[%clk
00:09:31]} {[%emt 00:00:46]} Ke5 {[%clk 01:07:57]} {[%emt 00:00:14]} 59. Kd3
{[%clk 00:09:49]} {[%emt 00:00:13]} Ke6 {[%clk 01:08:10]} {[%emt 00:00:16]} 60.
Kd4 {[%clk 00:10:10]} {[%emt 00:00:09]} Kf6 {[%clk 01:08:12]} {[%emt 00:00:28]}
61. Kxd5 {[%clk 00:10:03]} {[%emt 00:00:38]} Kg6 {[%clk 01:08:35]} {[%emt
00:00:06]} 62. Rh4 {[%clk 00:10:27]} {[%emt 00:00:06]} Kg5 {[%clk 01:08:56]}
{[%emt 00:00:08]} 63. Rf4 {[%clk 00:10:47]} {[%emt 00:00:11]} Kf6 {[%clk
01:09:17]} {[%emt 00:00:08]} 64. g4 {[%clk 00:11:04]} {[%emt 00:00:14]} Kg5
{[%clk 01:09:36]} {[%emt 00:00:10]} 65. gxf5 {[%clk 00:11:08]} {[%emt
00:00:27]} Kf6 {[%clk 01:09:55]} {[%emt 00:00:10]} 66. e4 {[%clk 00:11:22]}
{[%emt 00:00:18]} Kf7 {[%clk 01:10:11]} {[%emt 00:00:13]} 67. e5 {[%clk
00:11:41]} {[%emt 00:00:11]} Ke7 {[%clk 01:10:34]} {[%emt 00:00:06]} 68. f6+
{[%clk 00:12:00]} {[%emt 00:00:12]} Kf7 {[%clk 01:10:55]} {[%emt 00:00:09]} 69.
e6+ {[%clk 00:12:25]} {[%emt 00:00:06]} Ke8 {[%clk 01:11:14]} {[%emt 00:00:08]}
70. f7+ {[%clk 00:12:46]} {[%emt 00:00:11]} Kf8 {[%clk 01:11:37]} {[%emt
00:00:06]} 71. e7+ {[%clk 00:13:04]} {[%emt 00:00:13]} Kxe7 {[%clk 01:12:02]}
{[%emt 00:00:06]} 72. f8=Q+ {[%clk 00:13:23]} {[%emt 00:00:12]} Kd7 {[%clk
01:12:22]} {[%emt 00:00:08]} 73. Rf7# {[%clk 00:13:45]} {[%emt 00:00:09]} 1-0

[Event "DEM U10w 2025"]
[Site "Willingen GER"]
[Date "2025.06.12"]
[Round "7"]
[White "Xu, Dorothea Sicheng"]
[Black "Bräutigam, Viktoria"]
[Result "1-0"]
[Termination "normal"]
[Board "7"]
[WhiteElo "1484"]
[BlackElo "1569"]
[WhiteClock "00:14:11"]
[BlackClock "00:38:02"]
[PlyCount "97"]
[WhiteFideId "34667539"]
[BlackFideId "34638652"]
[EventCountry "GER"]
[EventRounds "9"]
[EventType "swiss"]
[EventDate "2025.06.07"]

1. e4 {[%clk 01:30:59]} c5 {[%clk 01:30:53]} {[%emt 00:00:06]} 2. Nc3 {[%clk
01:31:24]} {[%emt 00:00:06]} e6 {[%clk 01:31:03]} {[%emt 00:00:20]} 3. g3
{[%clk 01:31:47]} {[%emt 00:00:06]} Nc6 {[%clk 01:30:52]} {[%emt 00:00:41]} 4.
Bg2 {[%clk 01:32:07]} {[%emt 00:00:11]} Nf6 {[%clk 01:30:29]} {[%emt 00:00:52]}
5. d3 {[%clk 01:32:11]} {[%emt 00:00:27]} g6 {[%clk 01:24:12]} {[%emt
00:06:47]} 6. Be3 {[%clk 01:28:41]} {[%emt 00:04:00]} d5 {[%clk 01:23:25]}
{[%emt 00:01:17]} 7. exd5 {[%clk 01:26:37]} {[%emt 00:02:34]} exd5 {[%clk
01:23:21]} {[%emt 00:00:35]} 8. d4 {[%clk 01:24:54]} {[%emt 00:02:13]} cxd4
{[%clk 01:22:01]} {[%emt 00:01:49]} 9. Bxd4 {[%clk 01:24:02]} {[%emt 00:01:23]}
Nxd4 {[%clk 01:20:22]} {[%emt 00:02:08]} 10. Qxd4 {[%clk 01:24:00]} {[%emt
00:00:31]} Be6 {[%clk 01:19:49]} {[%emt 00:01:01]} 11. Rd1 {[%clk 01:18:02]}
{[%emt 00:06:31]} Bg7 {[%clk 01:18:48]} {[%emt 00:01:31]} 12. Nxd5 {[%clk
01:11:50]} {[%emt 00:06:42]} O-O {[%clk 01:14:58]} {[%emt 00:04:20]} 13. Nxf6+
{[%clk 01:06:03]} {[%emt 00:06:17]} Bxf6 {[%clk 01:13:53]} {[%emt 00:01:34]}
14. Qf4 {[%clk 00:57:02]} {[%emt 00:09:33]} Qe7 {[%clk 01:12:33]} {[%emt
00:01:49]} 15. Ne2 {[%clk 00:53:22]} {[%emt 00:04:12]} Bxb2 {[%clk 01:10:20]}
{[%emt 00:02:43]} 16. Rb1 {[%clk 00:50:23]} {[%emt 00:03:28]} Bg7 {[%clk
01:06:59]} {[%emt 00:03:50]} 17. Rxb7 {[%clk 00:48:35]} {[%emt 00:02:19]} Qc5
{[%clk 01:04:34]} {[%emt 00:02:54]} 18. O-O {[%clk 00:43:20]} {[%emt 00:05:46]}
Qxc2 {[%clk 01:03:01]} {[%emt 00:02:01]} 19. Nd4 {[%clk 00:39:18]} {[%emt
00:04:35]} Qxa2 {[%clk 01:00:59]} {[%emt 00:02:32]} 20. Rfb1 {[%clk 00:37:36]}
{[%emt 00:02:11]} h6 {[%clk 00:57:51]} {[%emt 00:03:37]} 21. R7b2 {[%clk
00:35:43]} {[%emt 00:02:24]} Qa6 {[%clk 00:51:41]} {[%emt 00:06:40]} 22. Bxa8
{[%clk 00:34:55]} {[%emt 00:01:18]} Rxa8 {[%clk 00:50:17]} {[%emt 00:01:53]}
23. Rb8+ {[%clk 00:32:54]} {[%emt 00:02:32]} Rxb8 {[%clk 00:47:54]} {[%emt
00:02:52]} 24. Rxb8+ {[%clk 00:31:34]} {[%emt 00:01:52]} Kh7 {[%clk 00:47:03]}
{[%emt 00:01:19]} 25. Nxe6 {[%clk 00:29:54]} {[%emt 00:02:11]} Qxe6 {[%clk
00:46:38]} {[%emt 00:00:53]} 26. Qe3 {[%clk 00:28:14]} {[%emt 00:02:11]} Qxe3
{[%clk 00:42:58]} {[%emt 00:04:10]} 27. fxe3 {[%clk 00:28:39]} {[%emt
00:00:06]} a5 {[%clk 00:43:05]} {[%emt 00:00:23]} 28. Ra8 {[%clk 00:25:48]}
{[%emt 00:03:21]} Bc3 {[%clk 00:42:32]} {[%emt 00:01:03]} 29. Kf2 {[%clk
00:23:28]} {[%emt 00:02:50]} Kg7 {[%clk 00:42:41]} {[%emt 00:00:21]} 30. Ra6
{[%clk 00:21:07]} {[%emt 00:02:51]} Kf8 {[%clk 00:42:00]} {[%emt 00:01:11]} 31.
Ke2 {[%clk 00:18:02]} {[%emt 00:03:35]} Ke7 {[%clk 00:41:35]} {[%emt 00:00:55]}
32. Kd3 {[%clk 00:17:40]} {[%emt 00:00:52]} Be1 {[%clk 00:41:36]} {[%emt
00:00:29]} 33. Kc4 {[%clk 00:16:56]} {[%emt 00:01:14]} Bd2 {[%clk 00:41:35]}
{[%emt 00:00:30]} 34. e4 {[%clk 00:12:47]} {[%emt 00:04:40]} Kd8 {[%clk
00:38:56]} {[%emt 00:03:10]} 35. Rd6+ {[%clk 00:12:46]} {[%emt 00:00:29]} Kc7
{[%clk 00:37:32]} {[%emt 00:01:55]} 36. Rxd2 {[%clk 00:12:47]} {[%emt
00:00:29]} Kb6 {[%clk 00:37:27]} {[%emt 00:00:34]} 37. Ra2 {[%clk 00:12:59]}
{[%emt 00:00:19]} Ka6 {[%clk 00:36:45]} {[%emt 00:01:13]} 38. Kc5 {[%clk
00:12:43]} {[%emt 00:00:46]} Ka7 {[%clk 00:36:30]} {[%emt 00:00:43]} 39. Rxa5+
{[%clk 00:12:19]} {[%emt 00:00:55]} Kb7 {[%clk 00:36:43]} {[%emt 00:00:17]} 40.
Kd6 {[%clk 00:12:10]} {[%emt 00:00:40]} Kc8 {[%clk 00:36:33]} {[%emt 00:00:39]}
41. Ra7 {[%clk 00:11:19]} {[%emt 00:01:21]} Kb8 {[%clk 00:36:42]} {[%emt
00:00:20]} 42. Rxf7 {[%clk 00:11:37]} {[%emt 00:00:13]} Ka8 {[%clk 00:36:33]}
{[%emt 00:00:39]} 43. e5 {[%clk 00:11:54]} {[%emt 00:00:13]} Kb8 {[%clk
00:36:53]} {[%emt 00:00:10]} 44. e6 {[%clk 00:12:20]} {[%emt 00:00:04]} Kc8
{[%clk 00:37:02]} {[%emt 00:00:21]} 45. e7 {[%clk 00:12:47]} {[%emt 00:00:02]}
Kb7 {[%clk 00:37:13]} {[%emt 00:00:20]} 46. e8=Q+ {[%clk 00:13:08]} {[%emt
00:00:09]} Kb6 {[%clk 00:37:34]} {[%emt 00:00:09]} 47. Qe5 {[%clk 00:13:27]}
{[%emt 00:00:10]} Ka6 {[%clk 00:37:51]} {[%emt 00:00:13]} 48. Kc6 {[%clk
00:13:46]} {[%emt 00:00:12]} g5 {[%clk 00:38:02]} {[%emt 00:00:19]} 49. Qb5#
{[%clk 00:14:11]} {[%emt 00:00:05]} 1-0